On This Day: November 16th Quiz Stats

Quiz Updated Nov 16, 2017

Challenge
Share
Tweet
Embed
Score 0/7 Timer 03:00
0 Plays Today
Question Answer Wrong Answers
Following the Treaty of Waitangi signed earlier in the year, New Zealand officially becomes a colony of this national empire.
1840
United Kingdom
92.4%
France
1.9%
United States
0.8%
The Netherlands
4.7%
UNESCO, which stands for United Nations ___, ___, and ___ ___ is founded and signed in London.
1945
Educational, Scientific, Cultural Organization
86.4%
Entertainment, Song, Cinema Origins
0.9%
Estate, Signage, Conflict Ordeals
1.7%
Environmental, Scale, Continental Organization
9.9%
After suffering a heart attack ten days earlier, this actor, who played Rhett Butler in 'Gone With the Wind', passes away.
1960
Clark Gable
85.9%
Jimmy Stewart
1.5%
Cary Grant
5.5%
Humphrey Bogart
5.8%
This state, nicknamed the 'Sooner State', is admitted to the Union, becoming the 46th state.
1907
Oklahoma
85.2%
Indiana
5.5%
Illinois
3.1%
Kansas
5.4%
This important commercial street in New York City, on which present-day Tiffany & Co. and Saks reside, opens.
1824
Fifth Avenue
82.4%
Madison Avenue
10.1%
Wall Street
5.5%
Broadway
2%
US President Bill Clinton visits this nation, becoming the first high-ranking US leader to visit since 1975.
2000
Vietnam
72.8%
Cuba
18.2%
Laos
1.9%
Cambodia
5.5%
This author of 'The Idiot' and 'Crime and Punishment', is sentenced to death by Russian authorities for alleged anti-government activities. His sentence is later commuted to hard labor.
1849
Fyodor Dostoevsky
63%
Leo Tolstoy
32.9%
Mikhail Bulgakov
1.5%
Ivan Turgenev
2%

Today's Daily Dose

You're not logged in!

Compare scores with friends on all Sporcle quizzes.
Sign Up with Email
OR
Log In

You Might Also Like...

Show Comments

Extras

Top Quizzes Today


Score Distribution

Your Account Isn't Verified!

In order to create a playlist on Sporcle, you need to verify the email address you used during registration. Go to your Sporcle Settings to finish the process.